000 00665nam a2200253Ia 4500
003 OSt
005 20220918192031.0
006 a|||||r|||| 00| 0
007 ta
008 220917b |||||||| |||| 00| 0 eng d
024 _a66,634
037 _cTextual
040 _aARTS
_cARTS
_beng
041 _2eng
_aeng
082 _aR3xK32:g, L2
100 _aMark Thomas Carson
_978125
245 0 _aSpinoza's theory of truth
260 _aNew York
_bColumbia Univ Press
_c1972
300 _aviv,137p.
_ccm.
500 _aBib 129-32p
650 _aPHILOSOPHY
942 _hR3xK32:g, L2
_cTEXL
_2CC
999 _c192867
_d192867